[Event "CZE-chT2E 2122"]
[Site "Czech Republic"]
[Date "2022.02.13"]
[Round "8.8"]
[White "Volcik, Stanislav"]
[Black "Skorepa, Tomas"]
[Result "1/2-1/2"]
[WhiteElo "1754"]
[BlackElo "2003"]
[PlyCount "103"]
[EventDate "2021.10.17"]
[EventType "team-tourn"]
[EventRounds "11"]
[EventCountry "CZE"]
[SourceTitle "EXT 2024"]
[Source "ChessBase"]
[SourceDate "2023.10.10"]
[SourceVersion "1"]
[SourceVersionDate "2023.10.10"]
[SourceQuality "1"]
[WhiteTeam "Borsice"]
[BlackTeam "Jihlava Gambit"]
[WhiteTeamCountry "CZE"]
[BlackTeamCountry "CZE"]

1. e4 c5 2. Nf3 e6 3. d4 cxd4 4. Nxd4 a6 5. f4 Qc7 6. Be2 d6 7. 0-0 Nf6 8. Qd3 Nc6 9. Be3 Be7 10. a3 0-0 11. b4 Nxd4 12. Bxd4 e5 13. Bb2 Bg4 14. Bxg4 Nxg4 15. Qe2 Qb6+ 16. Kh1 Ne3 17. Rf3 exf4 18. Rxf4 Rac8 19. Nc3 Bg5 20. Rf3 f5 21. exf5 d5 22. Qd3 Rfd8 23. Re1 Ng4 24. Re2 Qd6 25. Rh3 Re8 26. f6 Nxf6 27. Qf5 d4 28. Ne4 Nxe4 29. Qxh7+ Kf7 30. Rxe4 Qg6 31. Qxg6+ Kxg6 32. Rxe8 Rxe8 33. Bxd4 Re1+ 34. Bg1 Kf5 35. Rf3+ Ke4 36. h3 Bd8 37. Rf8 Bf6 38. g4 Rc1 39. Re8+ Kd5 40. Re2 Bd4 41. Rg2 Ke4 42. g5 Kf5 43. h4 Bxg1 44. Rxg1 Rxc2 45. Rf1+ Kg4 46. Rd1 Kxh4 47. Kg1 Kxg5 48. Rd7 g6 49. Rxb7 Rc6 50. b5 axb5 51. Rxb5+ Kf4 52. Rb4+ 1/2-1/2

[Event "CZE-chT2E 2122"]
[Site "Czech Republic"]
[Date "2021.12.05"]
[Round "4.8"]
[White "Volcik, Stanislav"]
[Black "Kudla, Vladimir"]
[Result "0-1"]
[WhiteElo "1754"]
[BlackElo "1886"]
[PlyCount "88"]
[EventDate "2021.10.17"]
[EventType "team-tourn"]
[EventRounds "11"]
[EventCountry "CZE"]
[SourceTitle "EXT 2024"]
[Source "ChessBase"]
[SourceDate "2023.10.10"]
[SourceVersion "1"]
[SourceVersionDate "2023.10.10"]
[SourceQuality "1"]
[WhiteTeam "Borsice"]
[BlackTeam "Kurim"]
[WhiteTeamCountry "CZE"]
[BlackTeamCountry "CZE"]

1. e4 b6 2. d4 Bb7 3. Nc3 Nf6 4. Bd3 e6 5. Bg5 h6 6. Bh4 Be7 7. Nf3 d5 8. e5 Nfd7 9. Bxe7 Qxe7 10. 0-0 0-0 11. Nb5 Qd8 12. a4 a6 13. Na3 c5 14. c3 Nc6 15. Rb1 c4 16. Bc2 f6 17. exf6 Qxf6 18. b3 cxb3 19. Bxb3 Qe7 20. Nc2 Na5 21. Ba2 Rac8 22. Qd3 Nc4 23. Ne3 Nxe3 24. Qxe3 Qd6 25. Rb3 b5 26. axb5 axb5 27. Re1 Rfe8 28. Bb1 Bc6 29. Qd3 Nf6 30. Ne5 Bd7 31. Nxd7 Qxd7 32. Re3 Rb8 33. Qg6 Qf7 34. Qxf7+ Kxf7 35. Bd3 Ke7 36. Rxb5 Rxb5 37. Bxb5 Rb8 38. c4 Ne4 39. f3 Nd2 40. Re2 Nxc4 41. Bxc4 dxc4 42. d5 c3 43. Rxe6+ Kd7 44. Rc6 Rc8 0-1

[Event "Stare Mesto op"]
[Site "Stare Mesto"]
[Date "2013.08.09"]
[Round "1"]
[White "Volcik, Stanislav"]
[Black "Straka, Vojtech"]
[Result "0-1"]
[WhiteElo "1796"]
[BlackElo "2323"]
[PlyCount "40"]
[EventDate "2013.08.09"]
[EventType "swiss"]
[EventRounds "10"]
[EventCountry "CZE"]
[SourceTitle "CBM 155 Extra"]
[Source "ChessBase"]
[SourceDate "2013.08.26"]
[SourceVersion "1"]
[SourceVersionDate "2013.08.26"]
[SourceQuality "1"]

1. e4 c6 2. d4 d5 3. Nc3 dxe4 4. Nxe4 Bf5 5. Ng3 Bg6 6. h4 h6 7. h5 Bh7 8. Nf3 Nd7 9. Bd3 Bxd3 10. Qxd3 e6 11. Be3 Ngf6 12. 0-0-0 Be7 13. Ne5 0-0 14. f4 Qa5 15. Kb1 Rad8 16. Nxd7 Rxd7 17. f5 e5 18. Rh4 Rfd8 19. Qd2 Qxd2 20. Rxd2 Nd5 0-1

[Event "CZE-ch Juniors op-A"]
[Site "Kouty nad Desnou"]
[Date "2009.03.07"]
[Round "1"]
[White "Volcik, Stanislav"]
[Black "Dvorak, Vladimir"]
[Result "1-0"]
[WhiteElo "1798"]
[BlackElo "2033"]
[PlyCount "123"]
[EventDate "2009.03.07"]
[EventType "swiss"]
[EventRounds "9"]
[EventCountry "CZE"]
[SourceTitle "EXT 2011"]
[Source "ChessBase"]
[SourceDate "2010.11.26"]
[SourceVersion "1"]
[SourceVersionDate "2010.11.26"]
[SourceQuality "1"]

1. e4 e6 2. d4 d5 3. exd5 exd5 4. Nf3 Bd6 5. Bd3 Bg4 6. h3 Bh5 7. Be3 Nc6 8. c3 Nge7 9. Nbd2 Qd7 10. Qa4 f5 11. g3 a6 12. 0-0-0 0-0 13. Rde1 b5 14. Qc2 b4 15. Ne5 Bxe5 16. dxe5 bxc3 17. Qxc3 d4 18. Bc4+ Kh8 19. Qd3 Rab8 20. e6 Qd6 21. Bf4 Qb4 22. Bb3 Na5 23. Be5 Nxb3+ 24. Nxb3 c5 25. Bxb8 Rxb8 26. Qd2 Qb6 27. Qg5 c4 28. Qxh5 cxb3 29. a3 d3 30. Kb1 Qxf2 31. Qh4 d2 32. Rd1 Ng6 33. Qg5 Qf3 34. Qxd2 Qe4+ 35. Qd3 Qxe6 36. Rhe1 Qf6 37. Rf1 Rf8 38. Qxb3 h6 39. Rd5 Ne7 40. Rd7 Nc6 41. Qc2 Ne5 42. Rc7 Qe6 43. Re1 Qd6 44. Rc8 Ng6 45. Rxf8+ Qxf8 46. g4 Nh4 47. gxf5 Nxf5 48. Rf1 g6 49. Qc6 Qg7 50. Qxa6 Kh7 51. a4 h5 52. a5 Qd4 53. Qb7+ Kh6 54. Rf3 Ne3 55. Qc6 Nc4 56. Rc3 Qd1+ 57. Ka2 Nd2 58. Rc1 Qb3+ 59. Ka1 Qxh3 60. Rg1 Qd3 61. a6 Qf3 62. Qxg6# 1-0

[Event "CZE-ch Juniors op-A"]
[Site "Sec u Chrudimi"]
[Date "2008.03.14"]
[Round "8"]
[White "Valek, Tomas"]
[Black "Volcik, Stanislav"]
[Result "1-0"]
[WhiteElo "1756"]
[BlackElo "1858"]
[PlyCount "77"]
[EventDate "2008.03.08"]
[EventType "swiss"]
[EventRounds "9"]
[EventCountry "CZE"]
[SourceTitle "EXT 2009"]
[Source "ChessBase"]
[SourceDate "2008.11.26"]
[SourceVersion "1"]
[SourceVersionDate "2008.11.26"]
[SourceQuality "1"]

1. e4 c5 2. Nf3 Nc6 3. d4 cxd4 4. Nxd4 e5 5. Nb5 a6 6. N5c3 Nf6 7. Bg5 Be7 8. Bxf6 Bxf6 9. Nd5 0-0 10. Nbc3 d6 11. a4 Be6 12. Bc4 Rb8 13. 0-0 Be7 14. f4 exf4 15. Rxf4 Ne5 16. Bb3 b5 17. Qh5 g6 18. Qe2 b4 19. Nxe7+ Qxe7 20. Nd5 Bxd5 21. Bxd5 a5 22. Raf1 Rbc8 23. h4 h5 24. Qd2 Kg7 25. Qd4 f6 26. Qd2 Ng4 27. c3 bxc3 28. bxc3 Qa7+ 29. Kh1 Qe3 30. Qb2 Qxc3 31. Qb6 Qg3 32. Rxg4 hxg4 33. Qb7+ Kh6 34. Be6 Rb8 35. Qc7 Rb2 36. Qc1+ g5 37. Qxb2 Qxh4+ 38. Kg1 Kg6 39. Qb7 1-0

[Event "CZE-ch Juniors op-A"]
[Site "Sec u Chrudimi"]
[Date "2008.03.10"]
[Round "4"]
[White "Dvorak, David"]
[Black "Volcik, Stanislav"]
[Result "1-0"]
[WhiteElo "1780"]
[BlackElo "1858"]
[PlyCount "47"]
[EventDate "2008.03.08"]
[EventType "swiss"]
[EventRounds "9"]
[EventCountry "CZE"]
[SourceTitle "EXT 2009"]
[Source "ChessBase"]
[SourceDate "2008.11.26"]
[SourceVersion "1"]
[SourceVersionDate "2008.11.26"]
[SourceQuality "1"]

1. e4 c6 2. d4 d5 3. Nc3 dxe4 4. Nxe4 Bf5 5. Ng3 Bg6 6. Nf3 Nd7 7. h4 h6 8. h5 Bh7 9. Bd3 Bxd3 10. Qxd3 Ngf6 11. 0-0 e6 12. Bf4 Be7 13. c4 Qa5 14. a3 0-0 15. Rfe1 Rac8 16. b4 Qa6 17. Ne5 Rfd8 18. Nxf7 Kxf7 19. Rxe6 Nf8 20. Rae1 Nd5 21. Qf5+ Bf6 22. cxd5 Nxe6 23. Qxe6+ Kf8 24. Bd6+ 1-0

[Event "CZE-ch Juniors op-A"]
[Site "Sec u Chrudimi"]
[Date "2007.03.15"]
[Round "7"]
[White "Rehak, Jakub"]
[Black "Volcik, Stanislav"]
[Result "1-0"]
[WhiteElo "1879"]
[BlackElo "1886"]
[PlyCount "33"]
[EventDate "2007.03.10"]
[EventType "swiss"]
[EventRounds "9"]
[EventCountry "CZE"]
[SourceTitle "EXT 2008"]
[Source "ChessBase"]
[SourceDate "2007.11.25"]
[SourceVersion "1"]
[SourceVersionDate "2007.11.25"]
[SourceQuality "1"]

1. e4 c6 2. d4 d5 3. e5 Bf5 4. g4 Bg6 5. h4 h6 6. e6 fxe6 7. Bd3 Bf7 8. Nh3 e5 9. dxe5 e6 10. g5 g6 11. h5 Ne7 12. hxg6 Nxg6 13. Bxg6 Bxg6 14. Qg4 Qd7 15. Nf4 Bf7 16. g6 Bg8 17. Nh5 1-0

[Event "CZE-ch Juniors op-A"]
[Site "Sec u Chrudimi"]
[Date "2007.03.13"]
[Round "5"]
[White "Kyselka, Daniel"]
[Black "Volcik, Stanislav"]
[Result "0-1"]
[WhiteElo "1689"]
[BlackElo "1886"]
[PlyCount "66"]
[EventDate "2007.03.10"]
[EventType "swiss"]
[EventRounds "9"]
[EventCountry "CZE"]
[SourceTitle "EXT 2008"]
[Source "ChessBase"]
[SourceDate "2007.11.25"]
[SourceVersion "1"]
[SourceVersionDate "2007.11.25"]
[SourceQuality "1"]

1. Nf3 c6 2. g3 d5 3. Bg2 Nf6 4. d3 Nbd7 5. 0-0 e5 6. Nbd2 Bd6 7. e4 0-0 8. c4 d4 9. a3 a5 10. Rb1 c5 11. Nh4 Ne8 12. Nf5 Kh8 13. Nxd6 Nxd6 14. f4 f6 15. Nf3 Rb8 16. fxe5 Nxe5 17. Nxe5 fxe5 18. Rxf8+ Qxf8 19. Qh5 Qe8 20. Qxe8+ Nxe8 21. b4 cxb4 22. axb4 a4 23. Ra1 b5 24. cxb5 Ra8 25. Ba3 Nd6 26. h3 Nxb5 27. Bc1 Be6 28. g4 a3 29. Bf3 a2 30. Bd1 Nc3 31. Bb2 Rb8 32. Bxc3 dxc3 33. Kf2 Rxb4 0-1

[Event "CZE-chT2e 0607"]
[Site "Czech Republic"]
[Date "2007.02.25"]
[Round "8.5"]
[White "Mudra, Tomas"]
[Black "Volcik, Stanislav"]
[Result "1-0"]
[WhiteElo "2158"]
[BlackElo "1886"]
[PlyCount "49"]
[EventDate "2006.10.15"]
[EventType "team"]
[EventRounds "11"]
[EventCountry "CZE"]
[SourceTitle "EXT 2009"]
[Source "ChessBase"]
[SourceDate "2008.11.26"]
[SourceVersion "1"]
[SourceVersionDate "2008.11.26"]
[SourceQuality "1"]

1. c4 Nf6 2. Nc3 e6 3. e4 Bb4 4. Nge2 0-0 5. g3 c5 6. Bg2 Nc6 7. 0-0 d6 8. d3 a6 9. h3 Bxc3 10. Nxc3 e5 11. f4 Rb8 12. a4 Nd4 13. fxe5 dxe5 14. Bg5 Be6 15. Nd5 Bxd5 16. exd5 Kh8 17. Be4 Rg8 18. Kh2 Qd6 19. Bxf6 gxf6 20. Qh5 f5 21. Bxf5 Nxf5 22. Qxf5 e4 23. Rf4 e3 24. Re1 Rbe8 25. Re2 1-0

[Event "CZE-ch Juniors op-A"]
[Site "Zlate Hory"]
[Date "2006.03.16"]
[Round "7"]
[White "Kracik, Martin"]
[Black "Volcik, Stanislav"]
[Result "1/2-1/2"]
[WhiteElo "1868"]
[BlackElo "1794"]
[PlyCount "57"]
[EventDate "2006.03.11"]
[EventType "swiss"]
[EventRounds "9"]
[EventCountry "CZE"]
[SourceTitle "EXT 2008"]
[Source "ChessBase"]
[SourceDate "2007.11.25"]
[SourceVersion "1"]
[SourceVersionDate "2007.11.25"]
[SourceQuality "1"]

1. e4 c5 2. c3 d5 3. exd5 Qxd5 4. d4 Nf6 5. Nf3 Bg4 6. Be2 e6 7. 0-0 Be7 8. Qa4+ Nc6 9. Be3 0-0 10. h3 cxd4 11. cxd4 Bh5 12. Nc3 Qd8 13. a3 a6 14. Rfd1 Qd7 15. Rd2 Rac8 16. Rad1 Nd5 17. Nxd5 exd5 18. Rc1 Bd6 19. Qd1 Rfe8 20. Ne1 Bxe2 21. Rxe2 f5 22. Nd3 Qf7 23. Bf4 Bxf4 24. Nxf4 Rxe2 25. Nxe2 Re8 26. Nc3 b5 27. Nxb5 Qd7 28. Nc3 g6 29. Qd2 1/2-1/2

[Event "CZE-ch Juniors op-A"]
[Site "Zlate Hory"]
[Date "2006.03.14"]
[Round "4"]
[White "Volcik, Stanislav"]
[Black "Slepankova, Radka"]
[Result "1/2-1/2"]
[WhiteElo "1794"]
[BlackElo "1962"]
[PlyCount "110"]
[EventDate "2006.03.11"]
[EventType "swiss"]
[EventRounds "9"]
[EventCountry "CZE"]
[SourceTitle "EXT 2008"]
[Source "ChessBase"]
[SourceDate "2007.11.25"]
[SourceVersion "1"]
[SourceVersionDate "2007.11.25"]
[SourceQuality "1"]

1. e4 c5 2. Nf3 Nc6 3. d4 cxd4 4. Nxd4 Nf6 5. Nc3 e5 6. Ndb5 d6 7. Bg5 a6 8. Na3 b5 9. Nd5 Be7 10. Bxf6 Bxf6 11. c3 0-0 12. Nc2 Bg5 13. Be2 f5 14. Bf3 Rb8 15. 0-0 Ne7 16. Ncb4 Bb7 17. Qb3 Kh8 18. Rfd1 Nxd5 19. Nxd5 Bxd5 20. Rxd5 Qf6 21. exf5 Qxf5 22. Qb4 Be7 23. Qe4 Qg5 24. Qg4 Qxg4 25. Bxg4 Rf4 26. Be2 Kg8 27. f3 Kf8 28. b3 Rb6 29. Rc1 Bg5 30. Rc2 Rh4 31. g3 Be3+ 32. Kg2 Rh6 33. Rd3 Bg5 34. h4 Be7 35. Rd5 g5 36. hxg5 Bxg5 37. c4 Rc6 38. Bd3 b4 39. c5 dxc5 40. Rdxc5 Rce6 41. R2c4 Be7 42. Rc8+ Kf7 43. Re4 Rd6 44. Bc4+ Kf6 45. Re2 a5 46. Rc7 Bd8 47. Rf7+ Kg6 48. Rf8 Bf6 49. Rg8+ Bg7 50. Rxe5 Rd2+ 51. Re2 Rxe2+ 52. Bxe2 Rh5 53. Rc8 Rd5 54. Rc6+ Bf6 55. Rc2 h6 1/2-1/2

[Event "CZE-ch Juniors op-A"]
[Site "Zlate Hory"]
[Date "2006.03.11"]
[Round "1"]
[White "Hejl, Jaroslav"]
[Black "Volcik, Stanislav"]
[Result "1-0"]
[WhiteElo "2108"]
[BlackElo "1794"]
[PlyCount "81"]
[EventDate "2006.03.11"]
[EventType "swiss"]
[EventRounds "9"]
[EventCountry "CZE"]
[SourceTitle "EXT 2008"]
[Source "ChessBase"]
[SourceDate "2007.11.25"]
[SourceVersion "1"]
[SourceVersionDate "2007.11.25"]
[SourceQuality "1"]

1. d4 Nf6 2. c4 e6 3. Nc3 d5 4. cxd5 exd5 5. Bg5 c6 6. Qc2 Nbd7 7. e3 Bd6 8. Bd3 Qa5 9. Nge2 0-0 10. 0-0 Qc7 11. f4 Re8 12. Rf3 h6 13. Bh4 Ng4 14. Qd2 Ngf6 15. Rc1 Qa5 16. h3 Be7 17. Bb1 Nb6 18. Qc2 Nbd7 19. g4 Nf8 20. Kh1 Ne4 21. Be1 Bb4 22. a3 Bxc3 23. Nxc3 Qd8 24. Qg2 Ng6 25. f5 Nh4 26. Bxh4 Qxh4 27. Nxe4 dxe4 28. Rf4 Qg5 29. Re1 Bd7 30. Qg3 c5 31. dxc5 Qe7 32. b4 Bc6 33. f6 Qe5 34. fxg7 Rad8 35. Ref1 Re7 36. Qh4 Kxg7 37. Rf5 Qc7 38. Qf6+ Kg8 39. Qxh6 Re6 40. Rg5+ Rg6 41. Ba2 1-0